| 000 | 01159cam a2200313 i 4500 | ||
|---|---|---|---|
| 001 | 200459223 | ||
| 999 |
_c200459223 _d77435 |
||
| 003 | TR-AnTOB | ||
| 005 | 20241115161334.0 | ||
| 007 | ta | ||
| 008 | 240102s2022 tu abdh 001 0 tur d | ||
| 020 | _a9789751753533 | ||
| 040 |
_aTR-AnTOB _beng _erda _cTR-AnTOB |
||
| 041 | 0 | _atur | |
| 050 | 4 |
_aDS51.K63 _bK63 2022 |
|
| 090 |
_aDS51.K63 _bK63 2022 |
||
| 245 | 0 | 0 |
_aKocaili Sancağı : _bİznikümid, Gegivize, Yoros, Şili, Kandırı : _bXV. yüzyıl başlarına ait en erken tarihli mufassal tahrir defteri / _chazırlayanlar Nazım Yılmaz, H. Osman Yıldırım. |
| 264 | 1 |
_aAnkara : _bTürk Tarih Kurumu Yayınları, _c2022. |
|
| 300 |
_aix, 356, [138] pages : _bfacsimiles, maps, graphs, tables ; _c24 cm |
||
| 336 |
_atext _btxt _2rdacontent |
||
| 337 |
_aunmediated _bn _2rdamedia |
||
| 338 |
_avolume _bnc _2rdacarrier |
||
| 490 | 0 |
_aTürk Tarih Kurumu Yayınları ; _vIII-5 _aDizi-Sayı ; _v10 |
|
| 504 | _aBIBINDX | ||
| 651 | 7 |
_aKocaeli (Türkiye) _xTarih _2etuturkob _9103985 |
|
| 700 | 1 |
_aYılmaz, Nâzım _eeditor _9144660 |
|
| 700 | 1 |
_aYıldırım, Hacı Osman _eeditor _942964 |
|
| 942 |
_2lcc _cBK |
||